000 00873nam a22003137a 4500
001 BR8806294
003 BR-BrBNA
005 20230928093032.0
007 ta
008 230509b bl.||||| |||| 00| 0 por d
040 _aBR-BrBNA
_bpor
_cBiblioteca Nacional de Agricultura
041 _a(Por)
072 _aE21; E14; E50
090 _ E21 BR8806294
100 1 _aAlves, E.
110 1 _aCompanhia de Desenvolvimento do Vale do Sao Francisco, Brasilia, DF (Brasil)
_92357
245 1 _aA agroindustria e os agricultores
260 3 _aBrasilia, DF (Brasil):
_c1988.
300 _a29 p.
500 _a7 ref.
650 _aINDUSTRIA AGRICOLA
650 _aDESENVOLVIMENTO RURAL
650 _aMIGRACAO RURAL
650 _aTRABALHADOR RURAL
650 _aTRABALHO
650 _aPOLITICA GOVERNAMENTAL
909 _a202309
_bLucia
_c55
_dLucia Elande
942 _cBK
999 _c42629
_d42629